000 00330nam a2200145Ia 4500
008 150301s2013 xx 000 0 und d
082 _a611
_bN13G
100 _aGARG, KRISHNA
245 _aTB. OF NEUROANATOMY
250 _a5TH
260 _bCBS PUB.
_aDELHI
_c2013
300 _a321
650 _aHUMAN ANATOMY
942 _2ddc
_cBK
999 _c6745
_d6745